Znani polscy sportowcy - Statystyki

Ogólne statystyki
  • Ten quiz został rozwiązany 150 razy
  • Średni wynik to 7 z 10
Statystyki odpowiedzi
podpowiedź sportowiec % Poprawnych
2 krotny piłkarz roku FIFA Robert Lewandowski
99%
Brązowa medalistka z IO Paryż 2024 w tenisie ziemnym Iga Świątek
98%
Jedyny Polak w finale NBA Marcin Gortat
94%
2 krotny zdobywca kryształowej kuli w skokach narciarskich Kamil Stoch
86%
Mistrzyni olimpijska z Soczi i Vancouver w biegach narciarskich Justyna Kowalczyk
76%
5 krotna mistrzyni Europy w pływactwie na 200m stylem motylkowym Otylia Jędrzejczak
64%
4 krotny mistrz olimpijski w chodzie na 20 i 50 km. Robert Korzeniowski
62%
Mistrz olimpijski z Soczi w łyżwiarstwie szybkim Zbigniew Bródka
56%
3 krotna mistrzyni olimpijska. Zmarła w 2018 roku Irena Szewińska
53%
Brązowy medalista IO 2016 w kolarstwie (start wspólny) Rafał Majka
53%
Nie znaleziono quizów pasujących do podanych kryteriów
Rozkład punktacji
Procent ludzi z każdym wynikiem
Percentyl według liczby udzielonych odpowiedzi
Twoja historia wyników
Nie rozwiązałeś tego quizu